000 00355 a2200133 4500
000 nam a22 7a 4500
100 _aRatan Lal
110 _aRatan Lal
245 _aसंस्कृत ज्ञान-विज्ञान
250 _aLatest edition
260 _bsatyam Publication
_c2022
264 _bsatyam Publication
_c2022
942 _cBK
999 _c395886
_d395886